A exploraȯ̂ da infraestrutura aeroportur̀ia no Brasil a infraero e as concessionr̀ias de serviȯ pb︢lico /

Detalles Bibliográficos
Autor principal: Aurľio, Bruno
Formato: eBook
Lenguaje:portugués
Publicado: San Pablo: Editora ContraCorrente, 2017
Materias:
Acceso en línea:Acceso restringido

MARC

LEADER 00000nam a22000007a 4500
005 20191010231624.0
007 cr|||| ||||
008 191010s2017 br |||||s|||| 00||0 por d
020 |a 978-85-69220-25-1 
035 |a 30530 
040 |a vLex 
090 |c 9782  |d 9782 
100 1 |a Aurľio, Bruno 
245 1 1 |a A exploraȯ̂ da infraestrutura aeroportur̀ia no Brasil  |h [Recurso electrn̤ico] :  |b a infraero e as concessionr̀ias de serviȯ pb︢lico /  |c Bruno Aurľio 
256 |a Servicio en ln̕ea 
260 |a San Pablo:  |b Editora ContraCorrente,  |c 2017 
300 |a 1 recurso electrn̤ico 
506 1 |a Disponible solo en los productos indicados  |d vLex Global  |d vLex Global (Academic Edition, excluding Law Schools)  |d vLex Global (U.S. Academic Edition, Law Schools)  |d vLex Global (U.S. Academic Edition, excluding Law Schools)  |d vLex Global (Academic Edition, Law Schools) 
650 0 4 |a Derecho Pb︢lico y Administrativo  |z Brasil 
740 0 |a vLex Libros (Servicio en ln̕ea) 
856 4 0 |u http://vlex.com/source/explora-o-infraestrutura-aeroportuaria-brasil-infraero-concessionarias-servi-o-publico-30530  |z Acceso restringido 
942 |c BOOK 
999 0 |a Public and Administrative Law